000 00712nam a2200181 i 4500
001 22274
003 ES-MaACL
005 20230906152649.0
007 t|
008 021202s1968 sp ||||1| spa d
100 1 _aAlicart Garces, Federico.
_9186618
245 1 0 _aAlgunas consideraciones sobre el pasado, el presente y el futuro de los computadores electrónicos /
_cpor Federico Alicart Garces.
260 _aMadrid :
_bCentro de Estudios y Experimentación de Obras Públicas, Gabinete de Cálculo,
_c[1968]
300 _a23 p. :
_bil. ;
_c24 cm.
710 2 _aCentro de Estudios y Experimentación de Obras Públicas.
_bGabinete de Cálculo.
_92686
852 _aES-MaACL
_j2068-F-12
999 _c22274
_d22274